000 00731cam a2200253 a 4500
001 460129
003 OSt
005 20230629133545.0
008 830112s1981 ke 000 0 eng
010 _a 82980908
020 _a0582643597 (pbk.)
040 _aDLC
_cDLC
_dDLC
043 _af-ke---
050 0 0 _aKSK1400
_b.C63 1981
082 0 0 _a344.676/201/0269
_a346.7620410269
_219
_bCOC
100 1 _aCockar, Saeed R.
245 1 4 _aThe Kenya Industrial Court :
_borigin, development, and practice /
_cSaeed R. Cockar.
260 _aNairobi :
_bLongman,
_c1981.
300 _a273 p. ;
_c21 cm.
650 0 _aLabor courts
_zKenya.
906 _a7
_bcbc
_corignew
_d3
_encip
_f19
_gy-gencatlg
942 _2ddc
_cBK
999 _c3075
_d3075